LEADER 01895nam0 22004333i 450 001 VAN0274657 005 20240520121843.846 017 70$2N$a9783030885304 100 $a20240409d2021 |0itac50 ba 101 $aeng 102 $aCH 105 $a|||| ||||| 200 1 $aContext-Aware Machine Learning and Mobile Data Analytics$eAutomated Rule-based Services with Intelligent Decision-Making$fIqbal Sarker ... [et al.] 210 $aCham$cSpringer$d2021 215 $axvi, 157 p.$cill.$d24 cm 606 $a68-XX$xComputer science [MSC 2020]$3VANC019670$2MF 606 $a68T05$xLearning and adaptive systems in artificial intelligence [MSC 2020]$3VANC023390$2MF 606 $a68T09$xComputational aspects of data analysis and big data [MSC 2020]$3VANC035916$2MF 610 $aAssociation rules$9KW:K 610 $aContext-aware mobile computing$9KW:K 610 $aMachine learning$9KW:K 610 $aMobile data analytics$9KW:K 610 $aPersonalization$9KW:K 610 $aRule discovery$9KW:K 610 $aRule management$9KW:K 610 $aRule-based system$9KW:K 610 $aTime Series Modeling$9KW:K 610 $aUser behavior modeling$9KW:K 620 $aCH$dCham$3VANL001889 702 1$aSarker$bIqbal$3VANV227104 712 $aSpringer $3VANV108073$4650 801 $aIT$bSOL$c20240614$gRICA 856 4 $uhttps://doi.org/10.1007/978-3-030-88530-4$zE-book ? Accesso al full-text attraverso riconoscimento IP di Ateneo, proxy e/o Shibboleth 899 $aBIBLIOTECA DEL DIPARTIMENTO DI MATEMATICA E FISICA$1IT-CE0120$2VAN08 912 $fN 912 $aVAN0274657 950 $aBIBLIOTECA DEL DIPARTIMENTO DI MATEMATICA E FISICA$d08CONS e-book 8186 $e08eMF8186 20240412 996 $aContext-Aware Machine Learning and Mobile Data Analytics$94149013 997 $aUNICAMPANIA LEADER 01711nam0 22004453i 450 001 VAN00105664 005 20250915090008.539 010 $a35-406-4554-3 100 $a20160527d1998 |0itac50 ba 101 $aeng 102 $aDE 105 $a|||| ||||| 181 $ai$b e 182 $an 183 $anc 200 1 $aBrownian Motion, Obstacles and Random Media$fAlain-Sol Sznitman 210 $aBerlin$aHeidelberg$cSpringer$d1998 215 $aXVI, 353 p.$cill.$d25 cm 410 1$1001VAN00030486$12001 $aSpringer monographs in mathematics$1210 $aBerlin [etc.]$cSpringer$d1989-$v14 606 $aMoto browniano$3VANC032461$2EC 610 $aBrownian Motion$9KW:K 610 $aBrownian bridge$9KW:K 610 $aFeynman-Kac formula$9KW:K 610 $aPartial Differential Equations$9KW:K 610 $aPotentials$9KW:K 610 $aProbability$9KW:K 610 $aQuenching$9KW:K 610 $aRandom media$9KW:K 610 $aStochastic processes$9KW:K 620 $dBerlin$3VANL000066 620 $aDE$dHeidelberg$3VANL000282 700 1$aSznitman$bAlain-Sol$3VANV082140$0552964 712 $aSpringer $3VANV108073$4650 801 $aIT$bSOL$c20250919$gRICA 856 4 $u/sebina/repository/catalogazione/documenti/Brownian Motion, Obstacles and Random Media.pdf$zBrownian Motion, Obstacles and Random Media.pdf 899 $aBIBLIOTECA DEL DIPARTIMENTO DI ECONOMIA$1IT-CE0106$2VAN03 912 $aVAN00105664 950 $aBIBLIOTECA DEL DIPARTIMENTO DI ECONOMIA$d03PREST VCb55 $e03 32453 20160527 996 $aBrownian motion, obstacles and Random media$9975424 997 $aUNICAMPANIA